International Trade and Investment
Na minha lista:
| Autor principal: | |
|---|---|
| Formato: | Livro |
| Idioma: | inglês |
| Publicado em: |
Cincinnati
South-Western Pub. Co.
1990
|
| Edição: | 6. ed. |
| Tags: |
Sem tags, seja o primeiro a adicionar uma tag!
|
MARC
| LEADER | 00000nam a2200000 4500 | ||
|---|---|---|---|
| 001 | c024174 | ||
| 005 | 20221215114016.9 | ||
| 041 | 0 | |a eng | |
| 044 | |a US | ||
| 245 | 1 | 0 | |a International Trade and Investment |c Franklin R. Root |
| 250 | |a 6. ed. | ||
| 264 | 1 | |a Cincinnati |b South-Western Pub. Co. |c 1990 | |
| 300 | |a 696 s. | ||
| 100 | 1 | |a Root, Franklin R. | |